Compendio de las santas distribuciones en que debe emplearse la religiosa para alcanzar la perfección.

Detalles Bibliográficos
Autor principal: PÉREZ MARTINEZ, Antonio Joaquín
Formato: Libro
Publicado: 1829
Materias:
Colección:Banco de datos
Acervo:Biblioteca del Convento de Santa Mónica de la Ciudad de Puebla. Puebla
Tema general:Religiosos
Notas:Regular. F3, 31.
LEADER 00674nam a22001930004500
035 |a 50760 
036 |a 528 
100 1 |a PÉREZ MARTINEZ, Antonio Joaquín 
245 1 0 |a Compendio de las santas distribuciones en que debe emplearse la religiosa para alcanzar la perfección. 
260 |b Pedro de la Rosa imp.  |c 1829 
500 |a Regular. F3, 31. 
650 1 0 |a Religiosos 
949 |a CRP 
959 |a Ex convento de Santa Mónica. Puebla, Puebla  |b CCC5 
960 |a Convento de Santa Mónica de la ciudad de Puebla  |b DD88 
961 |a Franciscana  |b OF 
942 |c CRP-SM 
943 |g Biblioteca del Convento de Santa Mónica de la Ciudad de Puebla. Puebla 
999 |c 961098  |d 961098